LEADER 01078cam2 2200289 450 001 E600200031129 005 20120604102604.0 100 $a20071105d1972 |||||ita|0103 ba 101 $aita 102 $aIT 200 1 $aLibro sesto$e(Art.2643-2969)$fcur.Alfio Finocchiaro$gGiorgio Stella Richter$gPaolo Stella Richter 205 $aNuova ed. riveduta e aggiornata 210 $aMilano$cGiuffrè$d1972 215 $a856 p.$d24 cm 461 1$1001SOBE00025874$12001 $aRassegna di giurisprudenza sul codice civile / diretta da Rosario Nicolò ; Mario Stella Richter. 702 1$aFinocchiaro, Alfio$3AF00006395$4070 702 1$aStella_Richter, Giorgio$3AF00015159$4070 702 1$aStella Richter, Paolo$3AF00014505$4070 801 0$aIT$bUNISOB$c20120604$gRICA 850 $aUNISOB 852 $aUNISOB$j340$m123519 912 $aE600200031129 940 $aM 102 Monografia moderna SBN 941 $aM 957 $a340$b006143$i-6$gSi$d123519$rdono$1pomicino$2UNISOB$3UNISOB$420071105083142.0$520120604102724.0$6bethb 996 $aLibro sesto$962060 997 $aUNISOB